000 01858nam a2200229Ia 4500
003 Ost
005 20260507075650.0
008 260507s9999||||xx |||||||||||||| ||und||
040 _cfsecg
041 _aara
082 _a657.0285
100 _aدبيان، السيد عبد المقصود
_eمؤلف
245 0 _aنظم المعلومات المحاسبية وتكنولوجيا المعلومات /
_c السيد عبد المقصود دبيان
260 _aالإسكندرية:
_bالدار الجامعية للنشر والتوزيع,
_c2004
300 _a567 صفحة؛
_bإيضاحات ؛
_c24 سم
520 _aمبادئ تحليل وتصميم نظم المعلومات المحاسبي- أهمية وقيمة نظم المعلومات- المحاسبة ومفاهيم النظم- إطار نظام معلومات المحاسبة المالية- إطار نظام معلومات المحاسبة الإدارية- أدوات تحليل وتصميم النظم- تحليل التكلفة والمنفعة في تقييم النظم- النظم التطبيقية لدورات العمليات المحاسبية- النظام المحاسبي وتكنولوجيا المعلومات- نظم إدارة قواعد البيانات، المفاهيم والمصطلحات- نظم إدارة قواعد البيانات، برنامج ACCESS- نظم إدارة قواعد البيانات، برنامج EXCEL- نظم إدارة قواعد البيانات، تطبيقات محاسبية- أمن المعلومات في الانظمة المستخدمة للمعلومات.
653 _aالمحاسبة
653 _aتكنولوجيا المعلومات
653 _aنظم المعلومات- المؤسسة الممتدة
700 _aعبد اللطيف، ناصر نور الدين
_eمؤلف ثانوي
942 _cكتاب
999 _c45581
_d45581